00339nam a2200121Ia 45000010005000000080041000050820016000461000016000622450082000782600015001609010027001759990015002021852241024s9999 xx 000 0 und d aRD/510/K82m aRieko Kondo 0aManual de conocimientos de Matemática. Concepto de los numeros, suma, resta bJICAc2004 a30/9/2011 9:29:13 a.m. c8206d8206